000 00901nam a2200277Ia 4500
003 OSt
005 20220925234501.0
006 a|||||r|||| 00| 0
007 ta
008 220923b |||||||| |||| 00| 0 eng d
020 _a9788126523665
_c551.64999999999998
037 _bRKBA\09-10\5428, 20/02/2015, RAJKIRAN BOOK AGENCY
_cGeneral Book
040 _aRTL
_cRTL
_beng
041 _2eng
_aeng
082 _aX65:515, N9;P7
100 _aKOLB Robert W.
_9248159
245 0 _aFutures options, and swaps
250 _a5th
260 _a New Delhi
_bBlackwell Publishing
_c2007
300 _axvii, 819p
_ccm.
500 _aBibliography chapterwise
650 _aCommerce
700 _a OVERDAHL James A.
_9300155
942 _hX65:515, N9;P7
_cGB
_2CC
999 _c595684
_d595684